000 00836nam a22002297a 4500
005 20230102113635.0
008 230102b bl ||||| |||| 00| 0 por d
050 0 4 _aSD555
_bA77 1984
100 1 _aArruda Veiga, Ricardo Antonio de,
245 1 0 _aDendrometría e inventário florestal
_c/ Ricardo Antonio de Arruda Veiga ; ilustraciones de Rafael Emilio Menegon.
250 _a1a ed.
260 _aBotucatu, Brasil :
_bFundacao de Estudios e Pesquisas Agricolas e Florestais,
_c1984.
300 _av, 108 p. :
_bil. ;
_c23 cm.
490 0 _aBoletín Didáctico ;
_v1.
500 _aTextos en español y portugués.
504 _aIncluye bibliografía.
650 7 _2lemb
_aBosques
_xMediciones
650 4 _aDendrometría
650 4 _aInventario forestal
700 1 _aMenegon, Rafael Emilio,
_eiluistrador
942 _2lcc
_cLIB
999 _c165554
_d165552